Statistics for US Facts #1: US Presidents Since 1949

Click here to take the quiz!

General Stats

  • This quiz has been taken 85 times
  • The average score is 15 of 16

Answer Stats

HintAnswer% Correct
2009Barack Obama
100%
2017Donald Trump
100%
1989George H.W. Bush
100%
2001George W. Bush
100%
2021Joe Biden
100%
1981Ronald Reagan
100%
1993Bill Clinton
99%
1961John F. Kennedy
97%
1969Richard Nixon
97%
1973Richard Nixon
96%
1974Gerald Ford
93%
1977Jimmy Carter
93%
1963Lyndon Johnson
91%
1965Lyndon Johnson
91%
1953Dwight D. Eisenhower
90%
1949Harry S. Truman
90%

Score Distribution

Percentile by Number Answered

Percent of People with Each Score

Your Score History

You have not taken this quiz